00938nam a22002297a 450000100060000000300080000600500170001400800410003103500200007204000350009204100080012708200280013510000310016324500770019426000370027130000220030865000470033094200120037799900170038995201510040695201510055746032BD-RjUL20211209054111.0160730b1969 bg ||||| |||| 00| 0 eng d a(BD-RjUL) 46150 aBD-RjULbengcBD-RjULdBD-RjUL aeng 223a343.41052bSHI 1969 aShahadatullah,A.H.9140728 aIncome-Tax : law and practice b law and practice /cShahadatullah,A.H. aDacca :bA.B. Publication,c1969 aiv,448p. ;c23cm. xincome tax -- Law and legislation.9140729 2ddccBK c46032d46032 00102ddc40708NFICaRUCLbRUCLcStackd1969-10-29eWarsi book co. Dhakag15.00l0o343.41052 SHI 1969r2016-07-30 00:00:00tC-2w2016-07-30yBK 00102ddc40708NFICaRUCLbRUCLcStackd1969-10-29eWarsi book co. Dhakag15.00l0o343.41052 SHI 1969r2016-07-30 00:00:00tC-3w2016-07-30yBK